[Event "Liga Madrileña - DH 2018-2019"]
[Site "Madrid ESP"]
[Date "2018.11.17"]
[Round "1.1"]
[White "Moreno Trujillo, Alejandro"]
[Black "Martinez Reyes, Pedro Ramon"]
[Result "1-0"]
[WhiteElo "2509"]
[BlackElo "2412"]
[PlyCount "83"]
[EventDate "2018.11.18"]
[EventType "team-tourn"]
[EventRounds "14"]
[EventCountry "ESP"]
[SourceTitle "Ajedrez en Madrid"]
[Source "lmi"]
[SourceDate "2018.11.18"]
[SourceVersion "1"]
[SourceVersionDate "2019.04.02"]
[SourceQuality "1"]
[WhiteTeam "64 Villalba"]
[BlackTeam "Blanco y Negro"]
[WhiteTeamCountry "ESP"]
[BlackTeamCountry "ESP"]

1. Nf3 d5 2. c4 e6 3. g3 Nf6 4. Bg2 Be7 5. O-O O-O 6. b3 b6 7. Bb2 Bb7 8. e3 c5
9. Qe2 dxc4 10. bxc4 Nc6 11. Rd1 Qc7 12. Nc3 a6 13. Rac1 Rac8 14. Na4 e5 15.
Nxe5 Na7 16. Bxb7 Qxb7 17. Qf3 Qxf3 18. Nxf3 b5 19. Bxf6 gxf6 20. Nb6 Rc6 21.
Nd5 Bd8 22. d4 b4 23. Nh4 a5 24. Nf5 Re8 25. dxc5 Nc8 26. Rd4 h5 27. g4 Rxc5
28. Kh1 h4 29. Nxh4 Nd6 30. Nf5 Nb5 31. Rdd1 Na3 32. Nd6 Rf8 33. Nb7 Rc8 34. c5
Kg7 35. c6 Nb5 36. Rc5 Nc7 37. Nd6 Ra8 38. Nf5+ Kh8 39. Rc4 Rb8 40. Nxc7 Bxc7
41. Rd7 Bb6 42. c7 1-0

[Event "Liga Madrileña - DH 2018-2019"]
[Site "Madrid ESP"]
[Date "2018.11.17"]
[Round "1.2"]
[White "Taboas Rodriguez, Daniel"]
[Black "Pulvett Marin, Daniel Eduardo"]
[Result "0-1"]
[WhiteElo "2364"]
[BlackElo "2463"]
[PlyCount "78"]
[EventDate "2018.11.18"]
[EventType "team-tourn"]
[EventRounds "14"]
[EventCountry "ESP"]
[SourceTitle "Ajedrez en Madrid"]
[Source "lmi"]
[SourceDate "2018.11.18"]
[SourceVersion "1"]
[SourceVersionDate "2019.04.02"]
[SourceQuality "1"]
[WhiteTeam "Blanco y Negro"]
[BlackTeam "64 Villalba"]
[WhiteTeamCountry "ESP"]
[BlackTeamCountry "ESP"]

1. d4 Nf6 2. Nf3 g6 3. c4 Bg7 4. Nc3 O-O 5. e4 d6 6. Be2 Nbd7 7. O-O e5 8. Be3
c6 9. d5 c5 10. Ne1 Ne8 11. g4 Kh8 12. Kh1 Ndf6 13. Rg1 Qe7 14. Rg3 Ng8 15. Nf3
Bh6 16. g5 Bg7 17. Qd2 Bd7 18. Rag1 a6 19. a4 Rb8 20. h4 f5 21. gxf6 Bxf6 22.
Ng5 Ng7 23. Qd1 Bxg5 24. Bxg5 Qe8 25. h5 Nxh5 26. Bxh5 gxh5 27. Bh4 Qf7 28. Rg7
Qxg7 29. Rxg7 Kxg7 30. Qxh5 Rf4 31. Qg5+ Kh8 32. Bg3 Rf6 33. Kg2 Rbf8 34. a5
Rg6 35. Qd2 Nf6 36. Qc2 Nh5 37. Qb3 Nf4+ 38. Kf1 Nd3 39. Qxb7 Rxg3 0-1

[Event "Liga Madrileña - DH 2018-2019"]
[Site "Madrid ESP"]
[Date "2018.11.17"]
[Round "1.3"]
[White "Khamrakulov, Ibragim S"]
[Black "Ballester Llagaria, Luis Eduardo"]
[Result "1-0"]
[WhiteElo "2442"]
[BlackElo "2302"]
[PlyCount "77"]
[EventDate "2018.11.18"]
[EventType "team-tourn"]
[EventRounds "14"]
[EventCountry "ESP"]
[SourceTitle "Ajedrez en Madrid"]
[Source "lmi"]
[SourceDate "2018.11.18"]
[SourceVersion "1"]
[SourceVersionDate "2019.04.02"]
[SourceQuality "1"]
[WhiteTeam "64 Villalba"]
[BlackTeam "Blanco y Negro"]
[WhiteTeamCountry "ESP"]
[BlackTeamCountry "ESP"]

1. e4 e6 2. d4 d5 3. Nd2 Nc6 4. Ngf3 Nf6 5. e5 Nd7 6. Bb5 Be7 7. O-O a5 8. a4
Na7 9. Bd3 c5 10. c4 cxd4 11. Nb3 Nc6 12. cxd5 exd5 13. Re1 Qb6 14. Bb1 Nc5 15.
Nbxd4 Nxd4 16. Nxd4 Bd7 17. Bf5 Ne6 18. Be3 Bc5 19. Bxe6 fxe6 20. Rc1 Bxd4 21.
Bxd4 Qb4 22. Bc5 Qf4 23. g3 Qf7 24. Ba3 Bc6 25. Qd4 Qd7 26. Qf4 Qf7 27. Qh4 h6
28. Re3 g5 29. Qd4 Rc8 30. Kg2 g4 31. f3 h5 32. Rf1 Qg7 33. fxg4 Qxg4 34. Rf4
Qg7 35. Ref3 Rc7 36. Kg1 h4 37. Qc5 Qe7 38. Rg4 Qh7 39. Rxh4 1-0

[Event "Liga Madrileña - DH 2018-2019"]
[Site "Madrid ESP"]
[Date "2018.11.17"]
[Round "1.4"]
[White "Alarcia Astiz, Carlos"]
[Black "Ruperez Benito, Antonio"]
[Result "0-1"]
[WhiteElo "2291"]
[BlackElo "2348"]
[PlyCount "72"]
[EventDate "2018.11.18"]
[EventType "team-tourn"]
[EventRounds "14"]
[EventCountry "ESP"]
[SourceTitle "Ajedrez en Madrid"]
[Source "lmi"]
[SourceDate "2018.11.18"]
[SourceVersion "1"]
[SourceVersionDate "2019.04.02"]
[SourceQuality "1"]
[WhiteTeam "Blanco y Negro"]
[BlackTeam "64 Villalba"]
[WhiteTeamCountry "ESP"]
[BlackTeamCountry "ESP"]

1. e4 e6 2. d3 d5 3. Nd2 Nf6 4. g3 Nc6 5. Bg2 e5 6. Ngf3 Bd6 7. O-O O-O 8. Re1
Be6 9. c3 h6 10. h3 Qd7 11. Kh2 Rad8 12. Qe2 a5 13. d4 Nxe4 14. Nxe4 dxe4 15.
Nxe5 Nxe5 16. dxe5 Bxe5 17. Qxe4 Bd5 18. Qxd5 Qxd5 19. Bxd5 Rxd5 20. a4 f5 21.
f4 Bf6 22. Kg2 Rd3 23. Be3 Re8 24. Kf2 Kf7 25. Re2 Re4 26. Rae1 b6 27. Kg2 Rxa4
28. Bd4 Bxd4 29. Re7+ Kg8 30. cxd4 Raxd4 31. Rxc7 Rd2+ 32. Kf1 Rxb2 33. h4 h5
34. Rb7 a4 35. Ra7 b5 36. Rc1 Rdd2 0-1

[Event "Liga Madrileña - DH 2018-2019"]
[Site "Madrid ESP"]
[Date "2018.11.17"]
[Round "1.5"]
[White "Longa Yauca, Javier"]
[Black "Beltran de Heredia Eguiaz, Miguel Angel"]
[Result "1/2-1/2"]
[WhiteElo "2271"]
[BlackElo "2229"]
[PlyCount "60"]
[EventDate "2018.11.18"]
[EventType "team-tourn"]
[EventRounds "14"]
[EventCountry "ESP"]
[SourceTitle "Ajedrez en Madrid"]
[Source "lmi"]
[SourceDate "2018.11.18"]
[SourceVersion "1"]
[SourceVersionDate "2019.04.02"]
[SourceQuality "1"]
[WhiteTeam "64 Villalba"]
[BlackTeam "Blanco y Negro"]
[WhiteTeamCountry "ESP"]
[BlackTeamCountry "ESP"]

1. d4 Nf6 2. Nf3 e6 3. Bg5 c5 4. c3 d5 5. e3 Qb6 6. Qb3 Ne4 7. Nbd2 Nxg5 8.
Nxg5 Be7 9. h4 Nc6 10. Be2 Bd7 11. f4 Qc7 12. g3 Rc8 13. Kf2 f6 14. Ngf3 O-O
15. Kg2 c4 16. Qc2 f5 17. h5 b5 18. Rag1 b4 19. Kf2 bxc3 20. bxc3 Rb8 21. g4 e5
22. Nxe5 Nxe5 23. dxe5 fxg4 24. Bxg4 Bc5 25. Ke2 Bxe3 26. Bxd7 Rxf4 27. Be6+
Kh8 28. Nf3 Rxf3 29. Kxf3 Rf8+ 30. Kg2 Qxe5 1/2-1/2

[Event "Liga Madrileña - DH 2018-2019"]
[Site "Madrid ESP"]
[Date "2018.11.17"]
[Round "1.6"]
[White "Martinez Fernandez, Raul"]
[Black "Veganzonez Rojo, David"]
[Result "0-1"]
[WhiteElo "2213"]
[BlackElo "2110"]
[PlyCount "94"]
[EventDate "2018.11.18"]
[EventType "team-tourn"]
[EventRounds "14"]
[EventCountry "ESP"]
[SourceTitle "Ajedrez en Madrid"]
[Source "lmi"]
[SourceDate "2018.11.18"]
[SourceVersion "1"]
[SourceVersionDate "2019.04.02"]
[SourceQuality "1"]
[WhiteTeam "Blanco y Negro"]
[BlackTeam "64 Villalba"]
[WhiteTeamCountry "ESP"]
[BlackTeamCountry "ESP"]

1. e4 c6 2. Nc3 d5 3. Qf3 Nf6 4. e5 Nfd7 5. Qg3 e6 6. d4 c5 7. Nf3 cxd4 8. Nxd4
Nc6 9. Nxc6 bxc6 10. Be2 Qc7 11. f4 g6 12. O-O Rb8 13. b3 Ba6 14. Be3 Bxe2 15.
Nxe2 c5 16. c3 a5 17. Rab1 Qc6 18. a3 Be7 19. Rfc1 O-O 20. c4 Qa6 21. Qe1 Rb7
22. cxd5 exd5 23. Bd2 Rfb8 24. Qd1 d4 25. Ng3 Qd3 26. b4 axb4 27. Rb3 Qa6 28.
axb4 c4 29. Ra1 Qe6 30. Rf3 c3 31. f5 Qc4 32. Bf4 c2 33. Qf1 Qxf1+ 34. Rfxf1 d3
35. e6 fxe6 36. fxe6 Nf6 37. Bxb8 Rxb8 38. Rfc1 Rxb4 39. Nf1 Bc5+ 40. Kh1 Ne4
41. g3 Rb2 42. Re1 d2 43. Nxd2 Nxd2 44. e7 Bxe7 45. Rxe7 Rb1+ 46. Re1 Rxa1 47.
Rxa1 Nb3 0-1

[Event "Liga Madrileña - DH 2018-2019"]
[Site "Madrid ESP"]
[Date "2018.11.18"]
[Round "1.1"]
[White "Vallejo Diaz, Javier"]
[Black "Garcia Cuenca, Victor Manuel"]
[Result "1-0"]
[WhiteElo "2382"]
[BlackElo "2340"]
[PlyCount "125"]
[EventDate "2018.11.18"]
[EventType "team-tourn"]
[EventRounds "14"]
[EventCountry "ESP"]
[SourceTitle "Ajedrez en Madrid"]
[Source "lmi"]
[SourceDate "2018.11.18"]
[SourceVersion "1"]
[SourceVersionDate "2019.04.02"]
[SourceQuality "1"]
[WhiteTeam "Alcorcon"]
[BlackTeam "Liberty Chess"]
[WhiteTeamCountry "ESP"]
[BlackTeamCountry "ESP"]

1. c4 g6 2. Nc3 Bg7 3. d4 Nf6 4. Nf3 O-O 5. e4 d6 6. h3 c5 7. Be3 Qa5 8. Qd2
Nc6 9. d5 Nd4 10. O-O-O b5 11. cxb5 Nxf3 12. gxf3 a6 13. Bh6 axb5 14. Bxg7 Kxg7
15. Bxb5 Ba6 16. Bc6 Rab8 17. h4 Nh5 18. Qe3 e5 19. Kc2 Nf4 20. h5 Rb4 21. Rh4
g5 22. Rg1 h6 23. Rxf4 exf4 24. Qxf4 Qd8 25. Qe3 Qe7 26. f4 f6 27. f3 Rd4 28.
Bb5 Bc8 29. a4 Kh8 30. a5 Qa7 31. Ra1 Rb4 32. Qe2 Bd7 33. Bxd7 Qxd7 34. a6 Ra8
35. Ra2 gxf4 36. Qh2 Rb6 37. Qxf4 Qg7 38. a7 Qg2+ 39. Kc1 Qg5 40. Qxg5 hxg5 41.
Ra5 Kh7 42. Nb5 Rxb5 43. Rxb5 Rxa7 44. Rb6 Rd7 45. Rb8 Kh6 46. Rh8+ Kg7 47. Re8
Kh6 48. Re6 Kxh5 49. Rxf6 Kh4 50. Kd2 Kg3 51. Kc3 Kf2 52. Kc4 Ke3 53. e5 dxe5
54. Kxc5 e4 55. fxe4 Kxe4 56. Re6+ Kf5 57. Kc6 Rd8 58. Re2 Ra8 59. d6 Ra6+ 60.
Kc7 Ra4 61. d7 Rc4+ 62. Kd6 Rd4+ 63. Ke7 1-0

[Event "Liga Madrileña - DH 2018-2019"]
[Site "Madrid ESP"]
[Date "2018.11.18"]
[Round "1.2"]
[White "Fernandez Garcia, Miguel Angel"]
[Black "Vallejo Diaz, Jesus"]
[Result "1-0"]
[WhiteElo "2294"]
[BlackElo "2239"]
[PlyCount "99"]
[EventDate "2018.11.18"]
[EventType "team-tourn"]
[EventRounds "14"]
[EventCountry "ESP"]
[SourceTitle "Ajedrez en Madrid"]
[Source "lmi"]
[SourceDate "2018.11.18"]
[SourceVersion "1"]
[SourceVersionDate "2019.04.02"]
[SourceQuality "1"]
[WhiteTeam "Liberty Chess"]
[BlackTeam "Alcorcon"]
[WhiteTeamCountry "ESP"]
[BlackTeamCountry "ESP"]

1. d4 Nf6 2. c4 e6 3. Nf3 Bb4+ 4. Nbd2 b6 5. g3 Bb7 6. Bg2 O-O 7. O-O Bxd2 8.
Qxd2 d6 9. b3 Nbd7 10. Bb2 Qe7 11. Qg5 h6 12. Qh4 Rfe8 13. Rfd1 Nf8 14. Qf4
Rab8 15. h3 Ng6 16. Qe3 Nd7 17. Ne1 Bxg2 18. Nxg2 f5 19. Qf3 Nf6 20. d5 Ne4 21.
dxe6 Qxe6 22. Nf4 Nxf4 23. gxf4 a5 24. Kh2 Kh7 25. Rg1 g6 26. Rg2 Qf7 27. Rag1
Re6 28. Qd3 Rg8 29. a3 Nc5 30. Qc2 Re4 31. f3 Re3 32. Bd4 Qe8 33. b4 axb4 34.
axb4 Nd7 35. Qd2 Re6 36. Bc3 Nf6 37. e4 fxe4 38. f5 e3 39. fxg6+ Kg7 40. Qd4
Rf8 41. Re2 Qe7 42. Rge1 Re8 43. Qd3 c5 44. bxc5 dxc5 45. Qf5 Kg8 46. g7 Qc7+
47. f4 Nd7 48. Rxe3 Rxe3 49. Rxe3 Nf6 50. Rxe8+ 1-0

[Event "Liga Madrileña - DH 2018-2019"]
[Site "Madrid ESP"]
[Date "2018.11.18"]
[Round "1.3"]
[White "Garcia Dorado, Alberto"]
[Black "Sanchez Gonzalez, Sergio"]
[Result "0-1"]
[WhiteElo "2219"]
[BlackElo "2288"]
[PlyCount "128"]
[EventDate "2018.11.18"]
[EventType "team-tourn"]
[EventRounds "14"]
[EventCountry "ESP"]
[SourceTitle "Ajedrez en Madrid"]
[Source "lmi"]
[SourceDate "2018.11.18"]
[SourceVersion "1"]
[SourceVersionDate "2019.04.02"]
[SourceQuality "1"]
[WhiteTeam "Alcorcon"]
[BlackTeam "Liberty Chess"]
[WhiteTeamCountry "ESP"]
[BlackTeamCountry "ESP"]

1. Nf3 Nf6 2. c4 c5 3. g3 e6 4. Bg2 Nc6 5. O-O d5 6. cxd5 exd5 7. d4 Bg4 8. Ne5
Be6 9. Nxc6 bxc6 10. b3 cxd4 11. Qxd4 c5 12. Qd1 Be7 13. Bb2 O-O 14. Nd2 Qb6
15. e4 Rad8 16. exd5 Nxd5 17. Qe2 Rfe8 18. Rfd1 Qb4 19. Ne4 Qb6 20. Nc3 Nf6 21.
Na4 Qb8 22. Be5 Qc8 23. Rac1 Nd7 24. Bb2 c4 25. Qf3 Qa6 26. Bf1 Rc8 27. Qf4 Qb5
28. Bxc4 Bxc4 29. Rxc4 Rcd8 30. Rcd4 Nf8 31. Rxd8 Bxd8 32. Qc4 Qh5 33. Qd3 Bg5
34. Nc3 Bf6 35. Kg2 Ne6 36. Qf3 Qg6 37. Re1 Rd8 38. Nd5 Bg5 39. Be5 h6 40. Nf4
Bxf4 41. Bxf4 Qc2 42. Re2 Nxf4+ 43. gxf4 Qg6+ 44. Qg3 Qb1 45. Qe3 Rd6 46. Qe8+
Kh7 47. f5 Qxf5 48. Re3 Qd5+ 49. Qe4+ Rg6+ 50. Kf1 Qd1+ 51. Re1 Qh5 52. h4 f5
53. Qd3 Qg4 54. Re5 Rf6 55. a3 Qf4 56. Ra5 Qc1+ 57. Ke2 Re6+ 58. Kf3 Qh1+ 59.
Kg3 Rg6+ 60. Kf4 Qxh4+ 61. Kf3 Qg4+ 62. Ke3 Re6+ 63. Kd2 Qf4+ 64. Kd1 Re4 0-1

[Event "Liga Madrileña - DH 2018-2019"]
[Site "Madrid ESP"]
[Date "2018.11.18"]
[Round "1.4"]
[White "Moreno Ibañez, Miguel"]
[Black "Medina Riesgo, Pedro"]
[Result "1-0"]
[WhiteElo "2275"]
[BlackElo "2163"]
[PlyCount "53"]
[EventDate "2018.11.18"]
[EventType "team-tourn"]
[EventRounds "14"]
[EventCountry "ESP"]
[SourceTitle "Ajedrez en Madrid"]
[Source "lmi"]
[SourceDate "2018.11.18"]
[SourceVersion "1"]
[SourceVersionDate "2019.04.02"]
[SourceQuality "1"]
[WhiteTeam "Liberty Chess"]
[BlackTeam "Alcorcon"]
[WhiteTeamCountry "ESP"]
[BlackTeamCountry "ESP"]

1. e4 c5 2. Nf3 g6 3. d4 cxd4 4. Nxd4 Bg7 5. c4 Nc6 6. Be3 Nh6 7. Nc3 O-O 8.
Be2 f5 9. exf5 gxf5 10. Qd2 Nxd4 11. Bxd4 Nf7 12. Bxg7 Kxg7 13. g4 d6 14. Rg1
Kh8 15. g5 Rg8 16. O-O-O Rg7 17. h4 Be6 18. h5 Ne5 19. h6 Rf7 20. Bh5 Ng6 21.
Qd4+ Kg8 22. Rh1 Nf8 23. Rdg1 Qb6 24. Bxf7+ Kxf7 25. g6+ hxg6 26. Qg7+ Ke8 27.
h7 1-0

[Event "Liga Madrileña - DH 2018-2019"]
[Site "Madrid ESP"]
[Date "2018.11.18"]
[Round "1.5"]
[White "Cabrejos Tovar, Jose"]
[Black "Perez Gonzalez, Jose Manuel"]
[Result "1/2-1/2"]
[WhiteElo "2156"]
[BlackElo "2235"]
[PlyCount "60"]
[EventDate "2018.11.18"]
[EventType "team-tourn"]
[EventRounds "14"]
[EventCountry "ESP"]
[SourceTitle "Ajedrez en Madrid"]
[Source "lmi"]
[SourceDate "2018.11.18"]
[SourceVersion "1"]
[SourceVersionDate "2019.04.02"]
[SourceQuality "1"]
[WhiteTeam "Alcorcon"]
[BlackTeam "Liberty Chess"]
[WhiteTeamCountry "ESP"]
[BlackTeamCountry "ESP"]

1. f4 g6 2. Nf3 Bg7 3. g3 c5 4. Bg2 Nc6 5. d3 Nf6 6. O-O O-O 7. e4 d6 8. Nc3
Rb8 9. Nh4 Nd4 10. h3 b5 11. Ne2 Nxe2+ 12. Qxe2 Nd7 13. Nf3 b4 14. g4 a5 15.
Rb1 Bb7 16. h4 Qb6 17. Kh2 Qa6 18. h5 Nf6 19. Ng5 h6 20. Nh3 Bc8 21. Bf3 gxh5
22. gxh5 Bxh3 23. Kxh3 Kh8 24. Rg1 Rg8 25. b3 Nh7 26. e5 dxe5 27. fxe5 Qe6+ 28.
Bg4 Qxe5 29. Qxe5 Bxe5 30. Bxh6 Ng5+ 1/2-1/2

[Event "Liga Madrileña - DH 2018-2019"]
[Site "Madrid ESP"]
[Date "2018.11.18"]
[Round "1.6"]
[White "Barraza Caracuel, Ignacio"]
[Black "Ramos del Campo, Alexander"]
[Result "1/2-1/2"]
[WhiteElo "2121"]
[BlackElo "2103"]
[PlyCount "33"]
[EventDate "2018.11.18"]
[EventType "team-tourn"]
[EventRounds "14"]
[EventCountry "ESP"]
[SourceTitle "Ajedrez en Madrid"]
[Source "lmi"]
[SourceDate "2018.11.18"]
[SourceVersion "1"]
[SourceVersionDate "2019.04.02"]
[SourceQuality "1"]
[WhiteTeam "Liberty Chess"]
[BlackTeam "Alcorcon"]
[WhiteTeamCountry "ESP"]
[BlackTeamCountry "ESP"]

1. Nf3 c5 2. c4 Nc6 3. b3 e5 4. d3 e4 5. Ng5 Qf6 6. d4 cxd4 7. Nxe4 Qe5 8. Nbd2
d3 9. Rb1 Nb4 10. exd3 f5 11. Bb2 Qe7 12. a3 fxe4 13. Nxe4 Nc6 14. Be2 Nf6 15.
Nxf6+ gxf6 16. O-O Qg7 17. Re1 1/2-1/2

[Event "Liga Madrileña - DH 2018-2019"]
[Site "Madrid ESP"]
[Date "2018.11.18"]
[Round "1.1"]
[White "Vazquez Igarza, Renier"]
[Black "Jimenez Lopez, Antonio"]
[Result "1/2-1/2"]
[WhiteElo "2572"]
[BlackElo "2167"]
[PlyCount "64"]
[EventDate "2018.11.18"]
[EventType "team-tourn"]
[EventRounds "14"]
[EventCountry "ESP"]
[SourceTitle "Ajedrez en Madrid"]
[Source "lmi"]
[SourceDate "2018.11.18"]
[SourceVersion "1"]
[SourceVersionDate "2019.04.02"]
[SourceQuality "1"]
[WhiteTeam "Collado Villalba"]
[BlackTeam "San Fernando de Henares"]
[WhiteTeamCountry "ESP"]
[BlackTeamCountry "ESP"]

1. d4 Nf6 2. c4 g6 3. Nc3 Bg7 4. e4 d6 5. h3 O-O 6. Be3 e5 7. d5 c6 8. g4 Qa5
9. Qd2 Na6 10. f3 Ne8 11. h4 f5 12. g5 Nc5 13. Rb1 f4 14. Bf2 Na6 15. Nge2 c5
16. a3 Qd8 17. b4 b6 18. Nb5 Rf7 19. Nec3 Bf8 20. Na4 Rb8 21. Bh3 Bxh3 22. Rxh3
cxb4 23. axb4 Qc8 24. Rh1 Qxc4 25. Na3 Qc8 26. b5 Nc5 27. Bxc5 bxc5 28. h5 gxh5
29. Rxh5 Rg7 30. Nc4 Nc7 31. Nc3 Nxb5 32. Nxb5 Rxb5 1/2-1/2

[Event "Liga Madrileña - DH 2018-2019"]
[Site "Madrid ESP"]
[Date "2018.11.18"]
[Round "1.2"]
[White "Garrido Olivares, Ricard"]
[Black "Gascon del Nogal, Jose Rafael"]
[Result "0-1"]
[WhiteElo "2153"]
[BlackElo "2479"]
[PlyCount "88"]
[EventDate "2018.11.18"]
[EventType "team-tourn"]
[EventRounds "14"]
[EventCountry "ESP"]
[SourceTitle "Ajedrez en Madrid"]
[Source "lmi"]
[SourceDate "2018.11.18"]
[SourceVersion "1"]
[SourceVersionDate "2019.04.02"]
[SourceQuality "1"]
[WhiteTeam "San Fernando de Henares"]
[BlackTeam "Collado Villalba"]
[WhiteTeamCountry "ESP"]
[BlackTeamCountry "ESP"]

1. Nf3 Nf6 2. e3 g6 3. d4 Bg7 4. c4 O-O 5. Be2 c5 6. d5 d6 7. Nc3 e6 8. O-O Re8
9. e4 exd5 10. exd5 Bf5 11. Bd3 Ne4 12. Nxe4 Bxe4 13. Bxe4 Rxe4 14. Qc2 Re8 15.
Bf4 Nd7 16. Bxd6 Qf6 17. Bg3 Qxb2 18. Qxb2 Bxb2 19. Rab1 Re2 20. Rfe1 Rxe1+ 21.
Nxe1 Bd4 22. Rxb7 Nb6 23. Rb8+ Rxb8 24. Bxb8 a5 25. Nd3 Nxc4 26. Ba7 Kf8 27.
Bxc5+ Bxc5 28. Nxc5 Ke7 29. Kf1 Kd6 30. Ne4+ Kxd5 31. Nf6+ Kd4 32. Nxh7 Kc3 33.
Ng5 a4 34. Nxf7 Kb2 35. f4 Kxa2 36. Ne5 Kb3 37. Ke2 a3 38. Nd3 Kc3 39. Nc1 Kc2
40. Na2 Kb1 41. Nb4 Na5 42. Kd2 Nc6 43. Nd5 Kb2 44. Nc3 Nb4 0-1

[Event "Liga Madrileña - DH 2018-2019"]
[Site "Madrid ESP"]
[Date "2018.11.18"]
[Round "1.3"]
[White "Moreno Ruiz, Javier"]
[Black "De la Orden Alcocer, Alejandro"]
[Result "1-0"]
[WhiteElo "2446"]
[BlackElo "1984"]
[PlyCount "39"]
[EventDate "2018.11.18"]
[EventType "team-tourn"]
[EventRounds "14"]
[EventCountry "ESP"]
[SourceTitle "Ajedrez en Madrid"]
[Source "lmi"]
[SourceDate "2018.11.18"]
[SourceVersion "1"]
[SourceVersionDate "2019.04.02"]
[SourceQuality "1"]
[WhiteTeam "Collado Villalba"]
[BlackTeam "San Fernando de Henares"]
[WhiteTeamCountry "ESP"]
[BlackTeamCountry "ESP"]

1. d4 g6 2. e4 c6 3. Nf3 d5 4. e5 Bg4 5. Nbd2 h5 6. h3 Bxf3 7. Nxf3 Nh6 8. Bd3
e6 9. g4 Ng8 10. Rg1 Nd7 11. gxh5 gxh5 12. Ng5 Ne7 13. Qf3 Nf5 14. Bxf5 exf5
15. Nxf7 Qe7 16. Nxh8 Nxe5 17. dxe5 O-O-O 18. Qxf5+ Kb8 19. Bd2 Bh6 20. O-O-O
1-0

[Event "Liga Madrileña - DH 2018-2019"]
[Site "Madrid ESP"]
[Date "2018.11.18"]
[Round "1.4"]
[White "Haro Casas, Emilio"]
[Black "Martin Duque, Jesus"]
[Result "0-1"]
[WhiteElo "1821"]
[BlackElo "2357"]
[PlyCount "34"]
[EventDate "2018.11.18"]
[EventType "team-tourn"]
[EventRounds "14"]
[EventCountry "ESP"]
[SourceTitle "Ajedrez en Madrid"]
[Source "lmi"]
[SourceDate "2018.11.18"]
[SourceVersion "1"]
[SourceVersionDate "2019.04.02"]
[SourceQuality "1"]
[WhiteTeam "San Fernando de Henares"]
[BlackTeam "Collado Villalba"]
[WhiteTeamCountry "ESP"]
[BlackTeamCountry "ESP"]

1. e4 c5 2. Nf3 e6 3. d4 cxd4 4. Nxd4 Nc6 5. Nc3 Qc7 6. a3 a6 7. Be2 Nf6 8. O-O
Be7 9. Be3 O-O 10. Qd2 d5 11. f4 Re8 12. Bf3 Na5 13. b3 Bd7 14. Rfc1 Rac8 15.
Nce2 e5 16. Nf5 Bxf5 17. exf5 e4 0-1

[Event "Liga Madrileña - DH 2018-2019"]
[Site "Madrid ESP"]
[Date "2018.11.18"]
[Round "1.1"]
[White "Espinosa Aranda, Angel"]
[Black "Reyes Larena, Juan"]
[Result "1-0"]
[WhiteElo "2470"]
[BlackElo "2451"]
[PlyCount "115"]
[EventDate "2018.11.18"]
[EventType "team-tourn"]
[EventRounds "14"]
[EventCountry "ESP"]
[SourceTitle "Ajedrez en Madrid"]
[Source "lmi"]
[SourceDate "2018.11.18"]
[SourceVersion "1"]
[SourceVersionDate "2019.04.02"]
[SourceQuality "1"]
[WhiteTeam "Virgen de Atocha"]
[BlackTeam "San Sebastian de los Reyes"]
[WhiteTeamCountry "ESP"]
[BlackTeamCountry "ESP"]

1. Nf3 Nf6 2. g3 g6 3. b3 Bg7 4. Bb2 O-O 5. Bg2 d6 6. d4 e5 7. dxe5 Nfd7 8. Nc3
dxe5 9. Qd2 Nc6 10. O-O-O Nd4 11. h4 h6 12. e3 Nxf3 13. Bxf3 Qf6 14. Bg2 Nb6
15. Ne4 Qc6 16. f4 f5 17. Nc3 e4 18. h5 a5 19. hxg6 Qxg6 20. g4 fxg4 21. Bxe4
Bf5 22. Bxf5 Rxf5 23. e4 Rc5 24. f5 Qc6 25. Nd5 Nxd5 26. exd5 Bxb2+ 27. Kxb2
Qf6+ 28. Qd4 Rf8 29. c4 a4 30. Qxf6 Rxf6 31. Rd4 axb3 32. Rxg4+ Kf8 33. axb3
Ra5 34. Re4 c6 35. Re6 Rxe6 36. fxe6 cxd5 37. Rh5 Ke7 38. cxd5 Kd6 39. Kc3 Ra1
40. Kc4 Rg1 41. b4 Rg4+ 42. Kb5 Re4 43. Ka5 Rg4 44. Rxh6 Kxd5 45. b5 Kc5 46.
Rh5+ Kd6 47. Kb6 Rg7 48. Rh6 Re7 49. Rf6 Kd5 50. Rf7 Rxe6+ 51. Kxb7 Kd6 52. b6
Re1 53. Rf2 Ra1 54. Rc2 Kd7 55. Kb8 Ra3 56. b7 Ra1 57. Rd2+ Ke7 58. Rd4 1-0

[Event "Liga Madrileña - DH 2018-2019"]
[Site "Madrid ESP"]
[Date "2018.11.18"]
[Round "1.2"]
[White "Ovejero, Juan Manuel"]
[Black "Almagro Llamas, Pablo"]
[Result "0-1"]
[WhiteElo "2244"]
[BlackElo "2448"]
[PlyCount "68"]
[EventDate "2018.11.18"]
[EventType "team-tourn"]
[EventRounds "14"]
[EventCountry "ESP"]
[SourceTitle "Ajedrez en Madrid"]
[Source "lmi"]
[SourceDate "2018.11.18"]
[SourceVersion "1"]
[SourceVersionDate "2019.04.02"]
[SourceQuality "1"]
[WhiteTeam "San Sebastian de los Reyes"]
[BlackTeam "Virgen de Atocha"]
[WhiteTeamCountry "ESP"]
[BlackTeamCountry "ESP"]

1. e4 c6 2. d4 d5 3. exd5 cxd5 4. Bd3 Nf6 5. c3 Bg4 6. Qb3 Qc7 7. h3 Bh5 8. g4
Bg6 9. Bxg6 hxg6 10. g5 Nfd7 11. Qxd5 Nc6 12. Ne2 e5 13. Be3 Nb6 14. Qb3 exd4
15. cxd4 Nb4 16. Nbc3 a5 17. a3 a4 18. Qd1 Qc6 19. Ng3 N4d5 20. Nxd5 Qxd5 21.
Qg4 Nc4 22. Rc1 Be7 23. O-O O-O 24. h4 Rfe8 25. Rc2 Bd6 26. Re1 Bxg3 27. Qxg3
Re4 28. Rce2 Rae8 29. Kf1 Qb5 30. Kg1 Qd7 31. Kh2 Nd6 32. Bf4 Rxe2 33. Rxe2
Rxe2 34. Bxd6 Re1 0-1